Thermodynamics (Record no. 7801)

000 -LEADER
fixed length control field 00495nam a22002057a 4500
001 - CONTROL NUMBER
control field 7801
003 - CONTROL NUMBER IDENTIFIER
control field BD-DhUET
008 - FIXED-LENGTH DATA ELEMENTS--GENERAL INFORMATION
fixed length control field 141212b xxu||||| |||| 00| 0 eng d
040 ## - CATALOGING SOURCE
Transcribing agency 0
Modifying agency BD-DhUET
082 ## - DEWEY DECIMAL CLASSIFICATION NUMBER
Classification number 621.01
Item number OBE/1963
100 ## - MAIN ENTRY--PERSONAL NAME
Personal name Obert, Edward F.
245 ## - TITLE STATEMENT
Title Thermodynamics
250 ## - EDITION STATEMENT
Edition statement 2nd ed.
260 ## - PUBLICATION, DISTRIBUTION, ETC. (IMPRINT)
Place of publication, distribution, etc. New York
Name of publisher, distributor, etc. McGraw-Hill Book
Date of publication, distribution, etc. 1963
300 ## - PHYSICAL DESCRIPTION
Extent xxi,596p.
504 ## - BIBLIOGRAPHY, ETC. NOTE
Bibliography, etc Includes bibliographies
650 #0 - SUBJECT ADDED ENTRY--TOPICAL TERM
Topical term or geographic name as entry element Thermodynamics
700 ## - ADDED ENTRY--PERSONAL NAME
Personal name Gaggioli, Richard A.
942 ## - ADDED ENTRY ELEMENTS (KOHA)
Koha item type General Book
Holdings
Koha full call number Withdrawn status Shelving location Damaged status Location (home branch) Not for loan Date acquired Price effective from Sublocation or collection (holding branch) Copy number Koha item type Lost status Koha normalized classification for sorting Koha date last seen Piece designation (barcode) Source of classification or shelving scheme
621.01/OBE/1963 Circulation section Central Library, BUET 2014-12-122014-12-12Central Library, BUET1General Book 621_010000000000000_OBE_19632014-12-126402 
621.01/OBE/1963 Circulation section Central Library, BUET 2014-12-122014-12-12Central Library, BUET2General Book 621_010000000000000_OBE_19632014-12-126403 
621.01/OBE/1963 Circulation section Central Library, BUET 2014-12-122014-12-12Central Library, BUET3General Book 621_010000000000000_OBE_19632014-12-1215731 
621.01/OBE/1963 Circulation section Central Library, BUET 2014-12-122014-12-12Central Library, BUET4General Book 621_010000000000000_OBE_19632014-12-1218703 
621.01/OBE/1963 Circulation section Central Library, BUET 2014-12-122014-12-12Central Library, BUET5General Book 621_010000000000000_OBE_19632014-12-1218706 
621.01/OBE/1963 Circulation section Central Library, BUET 2014-12-122014-12-12Central Library, BUET6General Book 621_010000000000000_OBE_19632014-12-1218708 
621.01/OBE/1963 Circulation section Central Library, BUET 2014-12-122014-12-12Central Library, BUET7General Book 621_010000000000000_OBE_19632014-12-1218705 
621.01/OBE/1963 Circulation section Central Library, BUET 2014-12-122014-12-12Central Library, BUET8General Book 621_010000000000000_OBE_19632014-12-1218702 
621.01/OBE/1963 Circulation section Central Library, BUET 2015-04-122015-04-12Central Library, BUET9General Book 621_010000000000000_OBE_19632015-04-1218707